Report of the committee of the police council on police representative organisations and negotiating machinery (Record no. 411039)

000 -LEADER
fixed length control field 00469cam a22001217a 4500
008 - FIXED-LENGTH DATA ELEMENTS--GENERAL INFORMATION
fixed length control field 180718b1952 xxu||||| |||| 00| 0 eng d
082 ## - DEWEY DECIMAL CLASSIFICATION NUMBER
Classification number N41x42 Un3r
245 ## - TITLE STATEMENT
Title Report of the committee of the police council on police representative organisations and negotiating machinery
Statement of responsibility, etc. by Her Majesty's Stationery Office
260 ## - PUBLICATION, DISTRIBUTION, ETC.
Place of publication, distribution, etc. London
Name of publisher, distributor, etc. Her Majesty's Stationery Office
Date of publication, distribution, etc. 1952
300 ## - PHYSICAL DESCRIPTION
Extent 35p.
500 ## - GENERAL NOTE
General note S.J. Baker (Chairman)
700 ## - ADDED ENTRY--PERSONAL NAME
Personal name Her Majesty's Stationery Office
Holdings
Withdrawn status Lost status Damaged status Not for loan Permanent Location Current Location Date acquired Full call number Barcode Date last seen Price effective from Koha item type
        Indian Institute of Public Administration Indian Institute of Public Administration 2009-01-27 N41x42 Un3r 6198 2018-07-21 2018-07-21 Book

Powered by Koha